Jak Feniks znov povstane

Bibliographic Details
Main Author: Zozuľák, Alexander, 1953- (Author)
Format: Article
Language:Ukrainian
Subjects:

MARC

LEADER 00000nab a2200000 a 4500
001 vtls000342420
003 SK-MaSNL
005 20260318121629.0
008 111201c1988 xo 0 ukr
015 |a SNBRB19rr/mm-uuuuu 
035 |a CL0342542 
040 |a SNKBUCL  |b slo  |c SNKBUCL  |e AACR2 
041 0 |a ukr 
044 |a xo  |c SK 
080 |a 82:929:883  |2 1981 
080 |a 929  |2 1981 
080 |a 883  |2 1981 
080 |a 929 Ševčenko, Taras Hryhorovyč  |2 1981 
100 1 |a Zozuľák, Alexander,  |d 1953-  |4 aut  |9 103738 
245 1 0 |a Jak Feniks znov povstane  |c O. Zozuljak 
300 |b Fot. 2. 
600 1 7 |a Ševčenko, Taras Hryhorovyč,  |d 1814-1861  |z Kanada  |x pamätníky  |2 snkbucl  |9 1582710 
655 7 |a články z novín a časopisov  |2 snkbucl  |9 267496 
655 7 |a články z odboru literárna veda a krásna literatúra  |2 snkbucl  |9 770045 
773 0 |t Nove žyttja  |g Roč. 37, č. 48 (1988), s. 7 
850 |a Slovenská národná knižnica v Martine  |a MTA001 
852 |a SNK  |b KIS3GCP 
958 |a RK 
958 |a LX 
958 |a UA 
992 |a RBX 
999 |c 3237421  |d 3239351